| 000 | 00631cam a22002051 4500 | ||
|---|---|---|---|
| 001 | ne 62000840 | ||
| 003 | DLC | ||
| 005 | 20260227111736.0 | ||
| 008 | 900612s1961 ua 000 0 ararc | ||
| 010 | _ane 62000840 | ||
| 035 | _a(OCoLC)21793567 | ||
| 040 |
_aPrinceton Univ. Libr. _cWaU _dDLC |
||
| 042 | _apremarc | ||
| 050 | 0 | 0 |
_aPJ7860.U77 _bZ9 |
| 100 | 1 | _aWāʻīẓ, Raʼūf. | |
| 245 | 0 | 0 |
_aMaʻrūf al-Ruṣāfī : _bḥayātuhu wa-adabuhu al-siyāsī _c[taʼlīf] Raʼūf al-Wāʻiẓ. |
| 260 |
_aMiṣr, _bDār al-Kitāb al-ʻArabī _c[1961] |
||
| 300 |
_a275 p. _c25 cm. |
||
| 600 | 1 | 0 |
_aRuṣāfī, Maʻrūf, _d1875-1945. |
| 999 |
_c45132 _d45132 |
||